Missing Word: Mario Games (A-Z) Quiz Stats

 Plays Quiz Updated Jun 26, 2017

Support Sporcle.
Go Orange.
Score 0/23 Timer 03:00
4 Plays Today
Hint Answer % Correct
_____ Kong (1981)Donkey
94.2%
_____ Mario Land (1989)Super
91%
Mario & _____: Partners in Time (2005)Luigi
90.8%
Super Mario _____ (1985)Bros.
89.4%
_____ Tennis (2000)Mario
86.8%
Mario & Sonic at the _____ Games (2007)Olympic
84.9%
Mario _____ 64 (1997)Kart
78.4%
Mario _____ Donkey Kong (2004)vs.
74.4%
Super Mario World 2: _____ Island (1995)Yoshi's
72.4%
_____ Super Mario Bros. (2006)New
68.4%
Mario's _____ Years! Fun with Letters (1993)Early
64.3%
Dance Dance _____ Mario Mix (2005)Revolution
63.4%
Hint Answer % Correct
_____ Mario: Color Splash (2016)Paper
61.3%
NES Open Tournament _____ (1991)Golf
61.1%
Mario & Luigi: Dream _____ (2013)Team
61.1%
Mario Kart _____ (2008)Wii
55.2%
Dr. Mario: Miracle _____ (2015)Cure
52.3%
Mario & Luigi: Paper _____ (2016)Jam
43.7%
Mario Tennis: _____ Smash (2015)Ultra
41%
Mario & Luigi: Bowser's _____ Story (2009)Inside
39.9%
Mario's Cement _____ (1983)Factory
32.3%
_____ Mario (1994)Hotel
21.3%
Mario Golf: _____ Tour (2004)Advance
17.6%

Today's Daily Dose

Missing Word
FPS Games (A-Z)

Quick Pick
Cartoon Lions

Get the Picture
5, 6, 7, or 8 Movies

You're not logged in!

Compare scores with friends on all Sporcle quizzes.
OR
Log In
Forgot?

From the Vault

Europe Population Quest

by mg10

Why not start your quest today?
Remove Ads.
Support Sporcle.
Get the best of Sporcle when you Go Orange. This ad-free experience offers more features, more stats, and more fun while also helping to support Sporcle. Thank you for becoming a member.

Show Comments

Extras

Top Quizzes Today


Score Distribution

Your Account Isn't Verified!

In order to create a playlist on Sporcle, you need to verify the email address you used during registration. Go to your Sporcle Settings to finish the process.

Report this User

Report this user for behavior that violates our Community Guidelines.

Details: